Szczegóły MARC21

Warunki funkcjonowania polskich przewoźników i operatorów na międzynarodowym rynku usług transportowych : II Międzynar. Konf. Nauk.TRANSLOG 2002, 18-19.09.2002 r. Szczecin /

005 -DATA I CZAS OSTATNIEJ MODYFIKACJI [,]
    • @
    • pole kontrolne
    • 20070315155141.9
020 -Międzynarod. znormalizowany nr książki - ISBN [ , ]
    • a
    • Numer ISBN
    • 8390142104 Find
040 -Instytucja sporządzająca opis [ , ]
    • a
    • Instytucja, która sporządziła opis (NP)
    • SZCZ U
    • c
    • Instytucja, która sporządziła rekord (NP)
    • SZCZ U
041 -Język dokumentu [0, ]
    • a
    • Język tekstu (P)
    • wielojęzyczny
    • h
    • Język tekstu oryginalnego i/lub pośredniego (P)
    • wielojęzyczny
942 -Rodzaj dokumentu [ , ]
    • c
    • Rodzaj dokumentu
    • Książka
245 -Strefa tytułu i oznaczenia odpowiedzialności [0, ]
    • a
    • Tytuł
    • Warunki funkcjonowania polskich przewoźników i operatorów na międzynarodowym rynku usług transportowych : Find
    • b
    • Ciąg dalszy tytułu (NP)
    • II Międzynar. Konf. Nauk.TRANSLOG 2002, 18-19.09.2002 r. Szczecin / Find
    • c
    • Pozostałe elementy strefy tytułu i oznaczenia odpowiedzialności (NP)
    • [Wydz. Zarządzania i Ekonomiki Usług US ; Szkoła Główna Handlowa w Warszawie ; Komitet Integracji Europejskiej].
260 -Strefa adresu wydawniczego [ , ]
    • a
    • Miejsce wydania (P)
    • Szczecin :
    • b
    • Nazwa wydawcy (P)
    • Fund.na Rzecz Uniw.Szczecińskiego,
    • c
    • Data wydania (P)
    • 2002.
300 -Strefa opisu fizycznego [ , ]
    • a
    • Określenie formy książki i/lub objętość (NP)
    • 283 s. :
    • b
    • Oznaczenie ilustracji (NP)
    • il. :
    • c
    • Format (NP)
    • 30 cm.
500 -Uwaga ogólna [ , ]
    • a
    • Uwaga ogólna (NP)
    • Zawiera artykuły w jęz. ang, niem., ros
080 -Uniwersalna Klasyfikacja Dziesiętna [ , ]
    • a
    • Symbol klasyfikacji
    • 656.1/.7(438)"1989/..."(061)
980 -Symbol UKD [ , ]
    • a
    • UKD
    • 656.1/.7(438)"1989/..."(061)
920 -ISBN [ , ]
    • a
    • ISBN
    • 83-90142-10-4 Find
Data inwentaryzacji Lokalizacja Status udost. Numer inwentarzowy Sygnatura
2006-01-05T-2T.8902T.8902
2006-01-09T-3TM.3720TM.3720
2006-01-09T-3T.8916T.8916